Ciropedia
সংরক্ষণ করুন:
| প্রধান লেখক: | |
|---|---|
| অন্যান্য লেখক: | |
| বিন্যাস: | গ্রন্থ |
| ভাষা: | গ্রিক স্প্যানিশ |
| প্রকাশিত: |
Madrid, España:
Aguilar,
1960.
|
| মালা: | Colección Crisol;
110 |
| বিষয়গুলি: | |
| ট্যাগগুলো: |
ট্যাগ যুক্ত করুন
কোনো ট্যাগ নেই, প্রথমজন হিসাবে ট্যাগ করুন!
|
MARC
| LEADER | 00000nam a2200000 a 4500 | ||
|---|---|---|---|
| 001 | UCP4042 | ||
| 003 | CL-VaPUC | ||
| 005 | 20220822114500.0 | ||
| 008 | 990709e19600000MX |||||||||||||||||gre|d | ||
| 999 | |c 435970 |d 435968 | ||
| 040 | |c Pontificia Universidad Católica de Valparaíso | ||
| 041 | 0 | 7 | |a gre |2 CL-VaPUC |
| 041 | 0 | 7 | |a spa |2 CL-VaPUC |
| 082 | 0 | 4 | |a 935.05 JEN 1960 |2 21 |
| 100 | |a Jenofonte |e autor |9 335230 | ||
| 245 | 1 | 0 | |a Ciropedia |
| 260 | |a Madrid, España: |b Aguilar, |c 1960. | ||
| 300 | |a 499 páginas. | ||
| 490 | |a Colección Crisol; |v 110 | ||
| 500 | |a c.1 Donación Familia Prof. Alejandro Guzmán Brito. | ||
| 583 | |a last modification |c 19990709 00:00:00 |k Cristina María Rojas Aguilar | ||
| 600 | 0 | 7 | |a Ciro el Grande, Rey de Persia, |2 CL-VaPUC |9 431451 |d -- m. 529 a. C. |
| 650 | 7 | |2 CL-VaPUC |9 318276 | |
| 651 | 7 | |a Persia |2 CL-VaPUC |9 316501 |x Historia |y hasta 640 a C. | |
| 700 | |a Gracián, Diego |e trasladada del griego al castellano |9 870596 | ||
| 942 | |c BK |2 ddc |n 0 | ||
| 952 | |0 0 |1 0 |2 ddc |4 0 |6 935_050000000000000_JEN_1960 |7 0 |8 C_AGB |9 583634 |a BIBDER |b BIBDER |d 2022-06-13 |e Donación |i 5651761 |o 935.05 JEN 1960 |p 5651761 |r 2023-01-25 |t 1 |w 2022-06-13 |y BK_US |k AGB | ||